Pomůcka pro výkon společenské kontroly bezpečnosti a ochrany zdraví při práci Výběr z kontrolních seznamů BOZP

Gespeichert in:
Bibliographische Detailangaben
Format: Buch
Sprache:Tschechisch
Veröffentlicht: Praha Práce 1987
Ausgabe:1. vyd.
Tags: Tag hinzufügen
Keine Tags, Fügen Sie das erste Tag hinzu!

MARC

LEADER 00000nam a2200000 4500
001 c024517
005 20250513134726.2
041 0 |a cze 
044 |a CZ 
245 1 0 |a Pomůcka pro výkon společenské kontroly bezpečnosti a ochrany zdraví při práci  |b Výběr z kontrolních seznamů BOZP 
250 |a 1. vyd. 
264 1 |a Praha  |b Práce  |c 1987 
300 |a 181 s.